Statistics for Countries Closest to Papua New Guinea - One Minute Sprint

Click here to take the quiz!

General Stats

  • This quiz has been taken 64 times
  • The average score is 16 of 20

Answer Stats

km Country miles % Correct
4Australia2
96%
0Indonesia0
96%
5Solomon Islands3
91%
1263Palau785
91%
1875Marshall Islands1165
89%
3170New Zealand1970
88%
1389Nauru863
88%
2523Fiji1568
88%
2226Tuvalu1383
86%
863Fed St Micronesia536
84%
1349Vanuatu838
84%
1511East Timor938
84%
2569Malaysia1596
82%
3407Tonga2117
79%
1920Philippines1193
79%
2955Brunei1836
79%
3585Samoa2228
77%
1626Kiribati1010
75%
3459Taiwan2149
60%
3476Japan2160
47%

Score Distribution

Percentile by Number Answered

Percent of People with Each Score

Your Score History

You have not taken this quiz